| 000 | 019680000a22003370004500 | ||
|---|---|---|---|
| 003 | EG-GICUC | ||
| 005 | 20250223025312.0 | ||
| 008 | 060917s2005 ua a f m 000 0 eng d | ||
| 040 |
_aEG-GICUC _beng _cEG-GICUC |
||
| 041 | 0 | _aEng | |
| 049 | _aDeposite | ||
| 097 | _aM.Sc | ||
| 099 | _aCai01.11.14.M.Sc.2005.Wa.R. | ||
| 100 | 0 | _aWaeel Ossama Hamouda | |
| 245 | 1 | 0 |
_aRecurrent lumbar disc herniationas a cause offailed back surgery syndrome / _cWaeel Ossama Hamouda ; supervised Ahmad Sherief Karim , Abd El Alim Ragab , Khaled Samir Anbar |
| 246 | 1 | 5 | _aالانزلاق الغضروفى المتكرر بالفقرات القطنية كمسبب لمتلازمة فشل جراحة الظهر |
| 260 |
_aCairo : _bWaeel Ossama Hamouda , _c2005 |
||
| 300 |
_a90P : _bill ; _c25cm |
||
| 502 | _aThesis (M.Sc.) - Cairo University - Faculty Of Medicine - Department Of General Surgery | ||
| 520 | _aBy the end of this study , some cannot - miss findings may prove to be of clinical importance in practicing neurosurgery ; The study showed that the symptoms and signs of patients with recurrent disc herniation were not different from those with a primary disc herniationMainly sciatica , low back pain and back tendernessLength of the time interval for beginning of sciatica after the initial operation correlated well with outcomePatients whose symptoms recurred later (after one year) seemed to have better outcomesWe found that the duration of the present attack of sciatica and sick leave before surgery was significantly longer in the group with an unsatisfactory | ||
| 530 | _aIssued also as CD | ||
| 653 | 4 | _aFailed back surgery syndrome | |
| 653 | 4 | _aLumbar disc hernia | |
| 700 | 0 |
_aAbdel Alim Ragab , _esupervisor |
|
| 700 | 0 |
_aAhmad Sherief Karim , _esupervisor |
|
| 700 | 0 |
_aKhaled Samir Anbar , _esupervisor |
|
| 856 | _uhttp://172.23.153.220/th.pdf | ||
| 905 |
_aEnas _eCataloger |
||
| 905 |
_aMustafa _eRevisor |
||
| 942 |
_2ddc _cTH |
||
| 999 |
_c10003 _d10003 |
||